[Event "SPb Summer"]
[Site "St Petersburg"]
[Date "2016.08.17"]
[Round "1.3"]
[White "Usmanov, Vasily"]
[Black "Korobitsyn, Daniil"]
[Result "1-0"]
[WhiteElo "2423"]
[BlackElo "2021"]
[PlyCount "101"]
[EventDate "2016.08.17"]
[EventType "swiss"]
[EventCountry "RUS"]

1. d4 Nf6 2. c4 g6 3. Nc3 Bg7 4. e4 d6 5. Be2 O-O 6. Bg5 c5 7. d5 b5 8. cxb5 a6
9. bxa6 Qa5 10. Qd2 Bxa6 11. Rc1 Nbd7 12. Nf3 Nb6 13. O-O Na4 14. Bxa6 Rxa6 15.
e5 Nxc3 16. exf6 exf6 17. bxc3 fxg5 18. Nxg5 h6 19. Nf3 Qxa2 20. Rfe1 Qc4 21.
Qe2 Qxe2 22. Rxe2 Rfa8 23. g3 Ra1 24. Rec2 Rxc1+ 25. Rxc1 Ra3 26. Nd2 Rxc3 27.
Rxc3 Bxc3 28. Nc4 Bd4 29. Nxd6 Kf8 30. Nc4 Ke7 31. g4 Kf6 32. Kg2 g5 33. f3 Kg6
34. Kf1 f5 35. Ke2 Kf6 36. Kd3 fxg4 37. fxg4 Bg1 38. h3 Bh2 39. Kc2 Ke7 40. Kb3
Kd7 41. Ka4 Kc7 42. Kb5 Bg1 43. Nd2 Be3 44. Ne4 Bd4 45. Ng3 Kd6 46. Kc4 Ke5 47.
Nf5 Bf2 48. Nxh6 Bg1 49. Nf7+ Kf6 50. Nd6 Ke5 51. Nb7 1-0

[Event "SPb Summer"]
[Site "St Petersburg"]
[Date "2016.08.17"]
[Round "1.18"]
[White "Kuzmichev, Artem"]
[Black "Bazeev, German"]
[Result "1-0"]
[WhiteElo "1917"]
[BlackElo "2288"]
[PlyCount "75"]
[EventDate "2016.08.17"]
[EventType "swiss"]
[EventCountry "RUS"]

1. e4 c5 2. d4 cxd4 3. c3 Nf6 4. e5 Nd5 5. Nf3 Nc6 6. Bc4 e6 7. Bxd5 exd5 8.
O-O d6 9. Bg5 Qb6 10. exd6 Bxd6 11. Nxd4 O-O 12. Nb3 Be6 13. h3 Bb8 14. N1d2 d4
15. cxd4 Qc7 16. Nf3 Bd5 17. g3 Qd7 18. Kg2 Qf5 19. Be3 Bd6 20. a3 h5 21. Nbd2
Rfe8 22. Qb1 Qf6 23. Qd3 h4 24. g4 g6 25. Rfe1 Re6 26. Kf1 Be4 27. Nxe4 Qxf3
28. Ng5 Rxe3 29. Qxe3 Qh1+ 30. Ke2 Qd5 31. Rad1 Na5 32. Ne4 Kg7 33. Nxd6 Nc6
34. Ne4 Re8 35. Kf1 Re6 36. Qf4 Nxd4 37. g5 Re5 38. Qxh4 1-0

[Event "SPb Summer"]
[Site "St Petersburg"]
[Date "2016.08.17"]
[Round "1.33"]
[White "Lagashin, Pavel"]
[Black "Stroganov, Anatoly"]
[Result "1-0"]
[WhiteElo "2186"]
[BlackElo "1762"]
[PlyCount "120"]
[EventDate "2016.08.17"]
[EventType "swiss"]
[EventCountry "RUS"]

1. c4 Nf6 2. Nc3 e6 3. e4 Bb4 4. e5 Ng8 5. Qg4 Bf8 6. d4 Nc6 7. Be3 d6 8. f4
Nh6 9. Qd1 Nf5 10. Bf2 dxe5 11. dxe5 Qxd1+ 12. Rxd1 Bb4 13. g4 Nfe7 14. Bg2 Bd7
15. Nge2 O-O-O 16. Kd2 Nxe5 17. fxe5 Bc6+ 18. Kc2 Bxg2 19. Rxd8+ Rxd8 20. Rg1
Bxc3 21. Nxc3 Bc6 22. b4 Ng6 23. Bg3 Rd4 24. b5 Be8 25. h3 Rxc4 26. Kd3 Rb4 27.
a4 Nf4+ 28. Bxf4 Rxf4 29. Ke3 Rb4 30. Ra1 c6 31. Ne4 cxb5 32. Nd6+ Kd8 33. axb5
Bxb5 34. Rxa7 Bc6 35. Ra8+ Ke7 36. Rg8 Rb3+ 37. Kd4 Rxh3 38. Rxg7 Be8 39. Rg8
Bc6 40. g5 Rh4+ 41. Kc5 Ra4 42. Nc8+ Kd7 43. Nb6+ Ke7 44. Nxa4 Bxa4 45. Rb8 Bc6
46. Kd4 Bf3 47. Rh8 Bh5 48. Rxh7 Bg6 49. Rh2 Kd7 50. Rb2 Kc6 51. Rb3 b6 52. Rf3
Kb5 53. Rc3 Kb4 54. Rc4+ Kb3 55. Rc6 b5 56. Kc5 Kc3 57. Rb6 Kd3 58. Rxb5 Ke4
59. Kd6 Kf5 60. Rb2 Kxg5 1-0

[Event "SPb Summer"]
[Site "St Petersburg"]
[Date "2016.08.17"]
[Round "1.52"]
[White "Bobolev, Stanislav"]
[Black "Ustinov, Alexey"]
[Result "0-1"]
[WhiteElo "1604"]
[BlackElo "2117"]
[PlyCount "64"]
[EventDate "2016.08.17"]
[EventType "swiss"]
[EventCountry "RUS"]

1. e4 d5 2. exd5 Qxd5 3. Nc3 Qa5 4. d4 Nf6 5. Bc4 Bg4 6. f3 Bh5 7. Nge2 Nc6 8.
Bd2 Qb4 9. Bb5 O-O-O 10. Bxc6 bxc6 11. O-O e6 12. Ne4 Qxb2 13. Bc3 Qb5 14. Rb1
Qa6 15. Qd3 Qxd3 16. cxd3 Nd5 17. Rfc1 Be7 18. Ba5 Kd7 19. Rb7 Ra8 20. Nf4 Nxf4
21. Rxc7+ Ke8 22. R1xc6 Nd5 23. Rc8+ Kd7 24. Rxh8 Rxh8 25. Ra6 Ra8 26. Nc5+
Bxc5 27. dxc5 Bg6 28. c6+ Kc8 29. c7 Kb7 30. Rd6 Nxc7 31. Rd7 Rc8 32. d4 Kc6
0-1